00684nab a2200205 uc450000100070000000500170000700800410002403500110006503500210007604000130009704100080011010000320011824500460015065000290019665000220022565000200024770000340026770000310030177301460033255909720240201132341.0991026e19971001 spa  a559097 a(OCoLC)819815559 ccomduadb aspa10aLustig, Stuart L.4auteaut13aUn grupo de apoyo a los enfermos mentales 7aTrastornos mentales2dcs 7aSalud mental2dcs aGrupos de apoyo10aMalomane, Elizabeth4auteaut10aTollman, Stephen4auteaut0 tForo Mundial de la Salud : Revista Internacional de Desarrollo Sanitario (Ginebra)gVol. 18, No. 03-04, p. 347-350w323670x0257-30240108362